000 005650000a22001810004500
003 MACL
005 20160526122908.0
008 160526b xxu||||| |||| 00| 0 eng d
040 _aMACL
_cMACL
041 _aHindi
082 _a891.433
100 _aब्रॉण्‍टे,एमिली
_959683
245 _aझंझा भवन
_cएमिली ब्रॉण्‍टे
260 _bसाहित्‍य अकादेमी
_c1999
_aदिल्‍ली
350 _a115
650 _aNovel
_959684
942 _cHIN
_k891.433/BAR/N
_2ddc
999 _c17993
_d17993